International Labour Documentation

Enregistré dans:
Détails bibliographiques
Format: Publication en série
Langue:français
Publié: Geneva International Labour Office 1993
Sujets:
Tags: Ajouter un tag
Pas de tags, Soyez le premier à ajouter un tag!

MARC

LEADER 00000nas2a2200000 4500
001 s018766
005 20240109100519.3
022 |a 0020-7756 
041 0 |a fre 
044 |a CH 
245 1 0 |a International Labour Documentation 
264 1 |a Geneva  |b International Labour Office  |c 1993 
300 |a 2 zv. 
773 0 |w eu_un_cat*s120797 
610 2 0 |a práca 
610 2 0 |a bibliografia